Statistics for Most Followed Football Players on Instagram

Click here to take the quiz!

General Stats

  • This quiz has been taken 75 times
  • The average score is 8 of 10

Answer Stats

PlaceFollowers (million)CountryPlayer% Correct
1.593PortugalCristiano Ronaldo
100%
2.476ArgentinaLionel Messi
100%
4.105FranceKylian Mbappé
99%
3.210BrazilNeymar
94%
7.60.6EgyptMohamed Salah
93%
6.61SwedenZlatan Ibrahimović
86%
10.50.9ColombiaJames Rodríguez
71%
8.59.1SpainSergio Ramos
58%
5.64.1BrazilMarcelo
39%
9.58.9FrancePaul Pogba
33%

Score Distribution

Percentile by Number Answered

Percent of People with Each Score

Your Score History

You have not taken this quiz